Statystyki dla Wiedza ogólna

Kliknij tutaj aby rozwiązać quiz!

Ogólne statystyki

  • Ten quiz został rozwiązany 79 razy
  • Średni wynik to 8 z 15

Statystyki odpowiedzi

HintOdpowiedź% Poprawnych
Jak nazywamy japoński komiks?manga
79%
Jak nazywa się najgłębsze jezioro na świecie?Bajkał
77%
Ile państw wchodzi w skład Unii Europejskiej?27
73%
Jak nazywa się aktor, który grał m.in. w filmach "Wilk z Wall Street", "Incepcja", "Zjawa"?Leonardo DiCaprio
71%
Członkiem którego zespołu muzycznego był Paul McCartney?The Beatles
60%
Jak nazywa się stolica Walii?Cardiff
58%
Jak nazywał się polski pisarz gatunku science fiction, autor m.in. utworów "Solaris" i "Bajki Robotów"?Stanisław Lem
56%
W jakim państwie leży Ushuaia - najbardziej wysunięte na południe miasto na świecie?Argentyna
55%
W jakim kraju odnotowano oficjalnie najwyższą temperaturę powietrza w historii pomiarów?USA
55%
Który bóg z mitologii greckiej był patronem podróżnych kupców i złodziei?Hermes
53%
W którym roku powstało NATO?1949
52%
W którym roku ogłoszono Deklarację niepodległości Stanów Zjednoczonych?1776
35%
W jakim kraju leży Belo Horizonte?Brazylia
35%
Kto jest reżyserem filmu "Lista Schindlera"?Steven Spielberg
31%
Jak nazywa się ciąg liczb naturalnych, który zaczyna się od 0 i 1, a każda kolejna liczba jest sumą dwóch poprzednich?ciąg Fibonnaciego
13%

Rozkład punktacji

Percentyl według liczby udzielonych odpowiedzi

Procent ludzi z każdym wynikiem

Twoja historia wyników

Nie rozwiązałeś tego quizu